Polskie medalistki olimpijskie - ZDJĘCIA - Statystyki

Ogólne statystyki
  • Ten quiz został rozwiązany 21 razy
  • Średni wynik to 7 z 10
Statystyki odpowiedzi
Obrazkowy Odpowiedź % Poprawnych
Iga Świątek
94%
Aleksandra Mirosław
88%
Anita Włodarczyk
88%
Julia Szeremeta
81%
Klaudia Zwolińska
81%
Natalia Kaczmarek
75%
Maria Andrejczyk
63%
Malwina Kopron
56%
Aleksandra Kałucka
50%
Daria Pikulik
38%
Nie znaleziono quizów pasujących do podanych kryteriów
Rozkład punktacji
Procent ludzi z każdym wynikiem
Percentyl według liczby udzielonych odpowiedzi
Twoja historia wyników
Nie rozwiązałeś tego quizu